[Event "Hampshire-chB"]
[Site "Fareham"]
[Date "2022.11.05"]
[Round "2"]
[White "Archer Lock, Helen"]
[Black "O'Gorman, Brendan"]
[Result "1-0"]
[WhiteElo "1595"]
[BlackElo "1743"]
[PlyCount "87"]
[EventDate "2022.11.04"]
[EventType "swiss"]
[EventRounds "6"]
[EventCountry "ENG"]
[SourceTitle "EXT 2024"]
[Source "ChessBase"]
[SourceDate "2023.10.10"]
[SourceVersion "1"]
[SourceVersionDate "2023.10.10"]
[SourceQuality "1"]

1. d4 d5 2. c4 e6 3. Nf3 a6 4. Bf4 Nf6 5. Nc3 dxc4 6. e3 b5 7. a4 b4 8. Na2 a5 9. Bxc4 Ba6 10. Rc1 Bd6 11. Ne5 0-0 12. 0-0 Nd5 13. Qf3 Bb7 14. Qh3 Nxf4 15. exf4 Nd7 16. Bxe6 Bxe5 17. Bxd7 Bxf4 18. Rc5 Ra6 19. Rh5 Rh6 20. Rxh6 Bxh6 21. Nc1 Qe7 22. Nb3 Ba6 23. Rd1 Qe2 24. Bg4 Qxb2 25. Nxa5 Be2 26. Bxe2 Qxe2 27. Qd3 Qxd3 28. Rxd3 Ra8 29. Nc6 Rxa4 30. g3 Ra3 31. Nxb4 Ra1+ 32. Kg2 Kf8 33. Nd5 Rc1 34. Ra3 g6 35. Ra8+ Kg7 36. Ra7 c5 37. dxc5 Rxc5 38. Nc7 Re5 39. Ra8 Bd2 40. Ne8+ Kf8 41. Nd6+ Kg7 42. Ra7 Bb4 43. Nxf7 Kf6 44. Nxe5 1-0

[Event "Berks & Bucks Reserves op"]
[Site "Maidenhead"]
[Date "2022.08.28"]
[Round "3"]
[White "Pang, Ethan"]
[Black "O'Gorman, Brendan"]
[Result "0-1"]
[WhiteElo "1604"]
[BlackElo "1762"]
[PlyCount "88"]
[EventDate "2022.08.27"]
[EventType "swiss"]
[EventRounds "6"]
[EventCountry "ENG"]
[SourceTitle "EXT 2023"]
[Source "ChessBase"]
[SourceDate "2022.10.05"]
[SourceVersion "1"]
[SourceVersionDate "2022.10.05"]
[SourceQuality "1"]

1. e4 c5 2. Nf3 e6 3. d4 cxd4 4. Nxd4 Nf6 5. Nc3 Nc6 6. g3 Bb4 7. Bg2 0-0 8. 0-0 Bxc3 9. bxc3 d5 10. Nxc6 bxc6 11. Ba3 Re8 12. exd5 cxd5 13. c4 Ba6 14. Re1 Bxc4 15. Re5 Qc7 16. Qd4 Rab8 17. Qf4 Rb7 18. Rae1 Reb8 19. h3 Nd7 20. Rg5 Qxf4 21. gxf4 Rb1 22. Bc1 Bxa2 23. f5 Rc8 24. fxe6 fxe6 25. Kh2 Kf7 26. Rg3 Rxc2 27. Ra3 Rcxc1 28. Rxc1 Rxc1 29. Rxa7 Ke7 30. Rxa2 Rc7 31. Re2 Nf6 32. Kg3 Kd6 33. Kf4 h6 34. Ke3 e5 35. Rd2 d4+ 36. Ke2 Nd5 37. Bxd5 Kxd5 38. f3 Rc3 39. Rd3 Rxd3 40. Kxd3 g5 41. Ke2 e4 42. fxe4+ Kxe4 43. Kd2 h5 44. Ke2 g4 0-1

[Event "Leamington Spa 4NCL op-B 28th"]
[Site "Leamington Spa"]
[Date "2022.07.10"]
[Round "4"]
[White "Pyda, Arjun"]
[Black "O'Gorman, Brendan"]
[Result "1-0"]
[WhiteElo "1789"]
[BlackElo "1762"]
[PlyCount "145"]
[EventDate "2022.07.08"]
[EventType "swiss"]
[EventRounds "5"]
[EventCountry "ENG"]
[SourceTitle "CBM 209 Extra"]
[Source "ChessBase"]
[SourceDate "2022.09.30"]
[SourceVersion "1"]
[SourceVersionDate "2022.09.30"]
[SourceQuality "1"]

1. e4 c5 2. Nf3 e6 3. d4 cxd4 4. Nxd4 Nf6 5. Nc3 Nc6 6. a3 Be7 7. Be2 0-0 8. 0-0 d6 9. Be3 a6 10. Qd2 Bd7 11. Rad1 Nxd4 12. Bxd4 Bc6 13. Qe3 Nd7 14. Qd2 Nc5 15. f3 Bg5 16. f4 Be7 17. Qe3 Qc7 18. e5 Nd7 19. exd6 Bxd6 20. Qg3 e5 21. fxe5 Bxe5 22. Bxe5 Qxe5 23. Bf3 Qxg3 24. hxg3 Bxf3 25. gxf3 Nf6 26. Nd5 Nxd5 27. Rxd5 Rac8 28. c3 Rfe8 29. Kf2 Rc7 30. Re1 Kf8 31. Red1 Rce7 32. R1d2 Re6 33. Rd7 R8e7 34. f4 h5 35. R7d5 g6 36. c4 Re4 37. b3 h4 38. R5d3 h3 39. Kf3 Re1 40. Rh2 Rf1+ 41. Kg4 f5+ 42. Kg5 Rh7 43. Kxg6 Rg7+ 44. Kxf5 Rf7+ 45. Kg4 Rg7+ 46. Kf5 Rh7 47. Ke6 Re1+ 48. Kd6 Rg1 49. g4 Rxg4 50. Rhxh3 Rxh3 51. Rxh3 Rxf4 52. Rh8+ Kg7 53. Rb8 Rf6+ 54. Kc5 Rc6+ 55. Kd5 Rb6 56. b4 Kf6 57. Re8 Kf7 58. Re3 Rh6 59. c5 Rg6 60. Kc4 Rg4+ 61. Kd5 Rg6 62. a4 Rh6 63. Re4 Rg6 64. b5 axb5 65. axb5 Rg1 66. Kd6 Rc1 67. Re7+ Kf6 68. Rxb7 Rd1+ 69. Kc6 Ke6 70. b6 Rd2 71. Rh7 Rc2 72. b7 Rb2 73. Rh8 1-0

[Event "Harrogate 4NCL op-B 27th"]
[Site "Harrogate"]
[Date "2022.01.23"]
[Round "5"]
[White "O'Gorman, Brendan"]
[Black "Stone, Ian C"]
[Result "1/2-1/2"]
[WhiteElo "1880"]
[BlackElo "1701"]
[PlyCount "53"]
[EventDate "2022.01.21"]
[EventType "swiss"]
[EventRounds "5"]
[EventCountry "ENG"]
[SourceTitle "CBM 206 Extra"]
[Source "ChessBase"]
[SourceDate "2022.03.31"]
[SourceVersion "1"]
[SourceVersionDate "2022.03.31"]
[SourceQuality "1"]

1. c4 Nf6 2. Nc3 e6 3. e4 Nc6 4. d4 Bb4 5. e5 Ne4 6. Qd3 Nxc3 7. bxc3 Be7 8. Nf3 d6 9. exd6 cxd6 10. Be2 Bf6 11. 0-0 0-0 12. Nd2 g6 13. Ne4 Bg7 14. Bg5 f6 15. Bh4 Ne7 16. Bg3 Nf5 17. Rab1 Nxg3 18. hxg3 f5 19. Nd2 e5 20. Rfd1 Qc7 21. Nf1 Be6 22. d5 Bf7 23. Qd2 b6 24. Ne3 Be8 25. Nc2 Ba4 26. Rdc1 Bxc2 27. Qxc2 1/2-1/2

[Event "Harrogate 4NCL op-B 27th"]
[Site "Harrogate"]
[Date "2022.01.21"]
[Round "1"]
[White "O'Gorman, Brendan"]
[Black "Webb, Nicholas"]
[Result "1-0"]
[WhiteElo "1880"]
[BlackElo "1712"]
[PlyCount "91"]
[EventDate "2022.01.21"]
[EventType "swiss"]
[EventRounds "5"]
[EventCountry "ENG"]
[SourceTitle "CBM 206 Extra"]
[Source "ChessBase"]
[SourceDate "2022.03.31"]
[SourceVersion "1"]
[SourceVersionDate "2022.03.31"]
[SourceQuality "1"]

1. c4 e5 2. Nc3 Be7 3. Nf3 d6 4. g3 f5 5. Bg2 Nf6 6. d4 e4 7. Ng5 0-0 8. 0-0 c6 9. f3 d5 10. cxd5 cxd5 11. Qb3 Kh8 12. fxe4 fxe4 13. Bf4 Nc6 14. Be5 Nxe5 15. dxe5 Bc5+ 16. Kh1 Ng4 17. Nf7+ Rxf7 18. Rxf7 Be6 19. Nxe4 Bb6 20. Nd6 Nxe5 21. Bxd5 Qxd6 22. Bxe6 Nxf7 23. Bxf7 Rd8 24. Bh5 Qe5 25. Bf3 h6 26. Rc1 Qd4 27. Qc3 Qf2 28. Qe1 Qd4 29. Qc3 Qf2 30. Qc2 Be3 31. Rd1 Rf8 32. Bg2 b6 33. Rf1 Qxf1+ 34. Bxf1 Rxf1+ 35. Kg2 Rf2+ 36. Kh3 Bc5 37. a3 a5 38. Qc4 Rf6 39. b4 axb4 40. axb4 Bf2 41. e4 Bg1 42. Kg2 Be3 43. Qd3 Bf2 44. e5 Rf8 45. e6 Be1 46. e7 1-0

[Event "ENG-ch Seniors 65"]
[Site "Milton Keynes"]
[Date "2021.10.09"]
[Round "6"]
[White "O'Gorman, Brendan"]
[Black "Bray, David"]
[Result "0-1"]
[WhiteElo "1691"]
[BlackElo "2037"]
[PlyCount "52"]
[EventDate "2021.10.04"]
[EventType "swiss"]
[EventRounds "7"]
[EventCountry "ENG"]
[SourceTitle "EXT 2023"]
[Source "ChessBase"]
[SourceDate "2022.10.05"]
[SourceVersion "1"]
[SourceVersionDate "2022.10.05"]
[SourceQuality "1"]

1. c4 c5 2. Nf3 Nf6 3. d4 cxd4 4. Nxd4 Nc6 5. Nc3 e6 6. e4 Bb4 7. Nxc6 bxc6 8. Bd2 e5 9. Qc2 0-0 10. Be2 Qc7 11. 0-0 Bb7 12. Bg5 Be7 13. Rad1 d6 14. f4 h6 15. fxe5 hxg5 16. exf6 Bxf6 17. e5 Bxe5 18. Ne4 Qe7 19. Ng3 g6 20. Bd3 Kg7 21. Rde1 Rh8 22. Qd2 Rh6 23. Qe3 Rah8 24. c5 f6 25. cxd6 Qxd6 26. Rd1 Bd4 0-1

[Event "Harrogate 4NCL op 24th"]
[Site "Harrogate"]
[Date "2020.01.18"]
[Round "2"]
[White "O'Gorman, Brendan"]
[Black "Davies, Sam"]
[Result "0-1"]
[WhiteElo "1632"]
[BlackElo "1788"]
[PlyCount "70"]
[EventDate "2020.01.17"]
[EventType "swiss"]
[EventRounds "5"]
[EventCountry "ENG"]
[SourceTitle "CBM 195 Extra"]
[Source "ChessBase"]
[SourceDate "2020.05.31"]
[SourceVersion "1"]
[SourceVersionDate "2020.05.31"]
[SourceQuality "1"]

1. c4 Nf6 2. Nf3 c5 3. Nc3 Nc6 4. e4 d6 5. d4 cxd4 6. Nxd4 g6 7. Be2 Bg7 8. Be3 Qa5 9. 0-0 0-0 10. a3 Ne8 11. b4 Qd8 12. Rc1 Nxd4 13. Bxd4 Bxd4 14. Qxd4 Ng7 15. Rfd1 Ne6 16. Qd2 b6 17. f4 Bb7 18. f5 Ng7 19. f6 exf6 20. Qxd6 f5 21. e5 Qg5 22. Nd5 Bxd5 23. cxd5 Qe3+ 24. Kf1 Rad8 25. Qf6 Rxd5 26. Rxd5 Qxc1+ 27. Rd1 Qxa3 28. Bc4 Qxb4 29. Bxf7+ Rxf7 30. Rd8+ Rf8 31. e6 Qc4+ 32. Kg1 Qc1+ 33. Kf2 Qf4+ 34. Kg1 Qe3+ 35. Kf1 Nxe6 0-1

[Event "London Classic op U1825 11th"]
[Site "London"]
[Date "2019.12.01"]
[Round "4"]
[White "Woods, Timothy J"]
[Black "O'Gorman, Brendan"]
[Result "1/2-1/2"]
[WhiteElo "1590"]
[BlackElo "1715"]
[PlyCount "71"]
[EventDate "2019.11.29"]
[EventType "swiss"]
[EventRounds "5"]
[EventCountry "ENG"]
[SourceTitle "CBM 195 Extra"]
[Source "ChessBase"]
[SourceDate "2020.05.31"]
[SourceVersion "1"]
[SourceVersionDate "2020.05.31"]
[SourceQuality "1"]

1. e4 c5 2. Nf3 e6 3. d4 cxd4 4. Nxd4 Nf6 5. Nc3 Nc6 6. Ndb5 Bc5 7. Nd6+ Ke7 8. Nc4 d5 9. e5 Nd7 10. Nxd5+ exd5 11. Qxd5 Qc7 12. Bg5+ Kf8 13. 0-0-0 h6 14. e6 fxe6 15. Qf3+ Kg8 16. Bf4 Qd8 17. Ne5 Ncxe5 18. Bxe5 Qg5+ 19. Bf4 Qf6 20. Bb5 Nb6 21. Rhe1 a6 22. Bf1 Nd5 23. Rxd5 exd5 24. Qxd5+ Be6 25. Rxe6 Qxf4+ 26. Re3+ Qf7 27. Qxc5 b5 28. b3 Re8 29. Rxe8+ Qxe8 30. Qd5+ Qf7 31. Qa8+ Kh7 32. Bd3+ g6 33. Qxa6 b4 34. Qb6 Qf4+ 35. Kb2 Qe5+ 36. Kb1 1/2-1/2

[Event "London Classic op U1825 11th"]
[Site "London"]
[Date "2019.11.30"]
[Round "3"]
[White "O'Gorman, Brendan"]
[Black "Acharya, Kandara"]
[Result "1/2-1/2"]
[WhiteElo "1715"]
[BlackElo "1413"]
[PlyCount "67"]
[EventDate "2019.11.29"]
[EventType "swiss"]
[EventRounds "5"]
[EventCountry "ENG"]
[SourceTitle "CBM 195 Extra"]
[Source "ChessBase"]
[SourceDate "2020.05.31"]
[SourceVersion "1"]
[SourceVersionDate "2020.05.31"]
[SourceQuality "1"]

1. d4 Nf6 2. Nf3 g6 3. g3 Bg7 4. Bg2 0-0 5. 0-0 d5 6. c4 c6 7. cxd5 cxd5 8. Nc3 Nc6 9. Bf4 Nh5 10. Bg5 Nf6 11. Rc1 Bf5 12. Bxf6 Bxf6 13. e3 Rc8 14. Nd2 Nb4 15. Qb3 Nd3 16. Rcd1 e6 17. e4 dxe4 18. Ndxe4 Bxd4 19. Rxd3 Bxf2+ 20. Nxf2 Bxd3 21. Rd1 Bc4 22. Rxd8 Bxb3 23. Rxf8+ Kxf8 24. axb3 b6 25. Nfe4 Ke7 26. Kf2 f5 27. Nd2 Kf6 28. Nc4 e5 29. Bb7 Rd8 30. Ke3 g5 31. Nd5+ Ke6 32. Nc7+ Kf6 33. Nd5+ Ke6 34. Nc7+ 1/2-1/2

[Event "London Classic op U1825 11th"]
[Site "London"]
[Date "2019.11.29"]
[Round "1"]
[White "O'Gorman, Brendan"]
[Black "Braine, Anthony"]
[Result "1/2-1/2"]
[WhiteElo "1715"]
[BlackElo "1517"]
[PlyCount "59"]
[EventDate "2019.11.29"]
[EventType "swiss"]
[EventRounds "5"]
[EventCountry "ENG"]
[SourceTitle "CBM 195 Extra"]
[Source "ChessBase"]
[SourceDate "2020.05.31"]
[SourceVersion "1"]
[SourceVersionDate "2020.05.31"]
[SourceQuality "1"]

1. c4 e5 2. Nc3 Nf6 3. Nf3 d6 4. d4 exd4 5. Nxd4 Nc6 6. e4 Nxd4 7. Qxd4 Be7 8. Be2 0-0 9. 0-0 Nd7 10. Be3 Bf6 11. Qd2 Nc5 12. Rad1 Ne6 13. f4 b6 14. Qc2 Qe8 15. Nd5 Bd8 16. f5 Nc5 17. f6 Qxe4 18. Qxe4 Nxe4 19. fxg7 Kxg7 20. Bd4+ Kg8 21. Bd3 f5 22. g4 c6 23. Ne3 c5 24. Bxe4 fxe4 25. Rxf8+ Kxf8 26. Bc3 Bg5 27. Rf1+ Kg8 28. Nf5 Bxf5 29. Rxf5 Be3+ 30. Kg2 1/2-1/2

[Event "Torquay Rowena Challengers"]
[Site "Torquay"]
[Date "2019.09.05"]
[Round "5"]
[White "O Gorman, Brendan"]
[Black "Tello, Yasser"]
[Result "1-0"]
[WhiteElo "1718"]
[BlackElo "1920"]
[PlyCount "75"]
[EventDate "2019.09.01"]
[EventType "swiss"]
[EventRounds "7"]
[EventCountry "ENG"]
[SourceTitle "CBM 192 Extra"]
[Source "Chessbase"]
[SourceDate "2019.11.06"]
[SourceVersion "1"]
[SourceVersionDate "2019.11.06"]
[SourceQuality "1"]

1. c4 Nf6 2. Nc3 e5 3. Nf3 Nc6 4. e4 Bb4 5. d3 d6 6. g3 0-0 7. Bg2 Re8 8. 0-0 h6 9. Ne2 Bc5 10. a3 a5 11. Bd2 Bg4 12. h3 Bxf3 13. Bxf3 Nd4 14. Nxd4 Bxd4 15. Qc2 a4 16. Bc3 c5 17. Kh2 Nh7 18. Be2 Nf8 19. Bxd4 cxd4 20. f4 Nd7 21. f5 f6 22. Bh5 Rf8 23. g4 Qc7 24. Rf2 Rfc8 25. Qd2 Qa5 26. Qb4 Nc5 27. Rd1 Kf8 28. h4 Ke7 29. Rg2 Rh8 30. Rg3 Ra6 31. Rh3 Qb6 32. Qd2 Qa5 33. Qg2 Raa8 34. g5 Rag8 35. gxf6+ gxf6 36. Rg3 Qa8 37. Rg7+ Kf8 38. Rg1 1-0

[Event "Torquay Rowena Challengers"]
[Site "Torquay"]
[Date "2019.09.03"]
[Round "3"]
[White "O Gorman, Brendan"]
[Black "Brooks, Paul2222"]
[Result "0-1"]
[WhiteElo "1718"]
[BlackElo "1826"]
[PlyCount "46"]
[EventDate "2019.09.01"]
[EventType "swiss"]
[EventRounds "7"]
[EventCountry "ENG"]
[SourceTitle "CBM 192 Extra"]
[Source "Chessbase"]
[SourceDate "2019.11.06"]
[SourceVersion "1"]
[SourceVersionDate "2019.11.06"]
[SourceQuality "1"]

1. b3 e5 2. Bb2 d6 3. e3 Nf6 4. Nf3 g6 5. d4 e4 6. Nfd2 Bg7 7. c4 0-0 8. Nc3 Re8 9. Qc2 Qe7 10. Be2 h5 11. Nd5 Nxd5 12. cxd5 c6 13. dxc6 Nxc6 14. Ba3 Nxd4 15. exd4 Bxd4 16. Bb2 e3 17. fxe3 Qxe3 18. 0-0-0 Bf5 19. Bxd4 Qxd4 20. Nf3 Qe3+ 21. Qd2 Qxe2 22. Qxe2 Rxe2 23. Nd4 Rc8+ 0-1

[Event "Torquay Rowena Challengers"]
[Site "Torquay"]
[Date "2019.09.02"]
[Round "2"]
[White "O Gorman, Brendan"]
[Black "Morgan, Jamie"]
[Result "1/2-1/2"]
[WhiteElo "1718"]
[BlackElo "1894"]
[PlyCount "35"]
[EventDate "2019.09.01"]
[EventType "swiss"]
[EventRounds "7"]
[EventCountry "ENG"]
[SourceTitle "CBM 192 Extra"]
[Source "Chessbase"]
[SourceDate "2019.11.06"]
[SourceVersion "1"]
[SourceVersionDate "2019.11.06"]
[SourceQuality "1"]

1. c4 c5 2. Nf3 Nf6 3. Nc3 Nc6 4. d4 cxd4 5. Nxd4 e6 6. e4 Bb4 7. Ndb5 d6 8. a3 Bxc3+ 9. Nxc3 0-0 10. Bf4 e5 11. Bg5 Be6 12. Be2 Nd4 13. 0-0 Rc8 14. Nd5 Bxd5 15. exd5 h6 16. Be3 Nf5 17. Bd2 Nd4 18. Be3 1/2-1/2

[Event "GBR-ch Soanes op 106th"]
[Site "Torquay"]
[Date "2019.07.28"]
[Round "4"]
[White "Kammin, Samuel"]
[Black "O Gorman, Brendan"]
[Result "0-1"]
[WhiteElo "1508"]
[BlackElo "1722"]
[PlyCount "66"]
[EventDate "2019.07.26"]
[EventType "swiss"]
[EventRounds "5"]
[EventCountry "ENG"]
[SourceTitle "EXT 2021"]
[Source "ChessBase"]
[SourceDate "2020.10.23"]
[SourceVersion "1"]
[SourceVersionDate "2020.10.23"]
[SourceQuality "1"]

1. d4 c5 2. d5 e5 3. c4 d6 4. Nc3 Be7 5. Nf3 Bg4 6. e4 Bxf3 7. gxf3 Bg5 8. Rg1 Bxc1 9. Qxc1 Kf8 10. Rg3 a6 11. a4 Nd7 12. Bh3 Ne7 13. Qd2 Ng6 14. Bxd7 Qxd7 15. 0-0-0 Nf4 16. Rdg1 g6 17. b3 Kg7 18. Ne2 Nxe2+ 19. Qxe2 b5 20. a5 bxc4 21. Qxc4 Rhb8 22. Kd2 Rb4 23. Qd3 Rd4 24. Qxd4 cxd4 25. Rc1 Qb5 26. Rc6 Qxb3 27. Ke2 Qb1 28. h4 Rb8 29. f4 Rb2+ 30. Kf3 Qh1+ 31. Rg2 Rb3+ 32. Ke2 Qxg2 33. Rc2 d3+ 0-1

[Event "London Classic U1825 op 10th"]
[Site "London"]
[Date "2018.12.16"]
[Round "5"]
[White "O'Gorman, Brendan"]
[Black "Bowcott Terry, Finlay"]
[Result "0-1"]
[WhiteElo "1736"]
[BlackElo "1695"]
[PlyCount "88"]
[EventDate "2018.12.14"]
[EventType "swiss"]
[EventRounds "5"]
[EventCountry "ENG"]
[SourceTitle "CBM 187 Extra"]
[Source "ChessBase"]
[SourceDate "2018.11.04"]
[SourceVersion "1"]
[SourceVersionDate "2018.11.04"]
[SourceQuality "1"]

1. Nf3 f5 2. d3 Nf6 3. e4 fxe4 4. dxe4 Nxe4 5. Bd3 d5 6. Bxe4 dxe4 7. Qxd8+ Kxd8 8. Ng5 Ke8 9. Nc3 c6 10. Be3 Bg4 11. h3 Bh5 12. Ncxe4 Na6 13. Ne6 Bf7 14. N4g5 h6 15. Nxf7 Kxf7 16. Nxf8 Rhxf8 17. Ke2 Nb4 18. c3 Nc2 19. Rad1 Nxe3 20. Kxe3 Rad8 21. Ke2 Rd6 22. Rd3 Rfd8 23. Rhd1 g5 24. Rxd6 exd6 25. Rd3 d5 26. Rf3+ Kg6 27. Kd3 b6 28. g4 Re8 29. Re3 Rf8 30. Re6+ Rf6 31. Rxf6+ Kxf6 32. Kd4 Ke6 33. b4 Kd6 34. Ke3 Ke5 35. f3 c5 36. bxc5 bxc5 37. a3 a6 38. a4 a5 39. f4+ gxf4+ 40. Kf3 d4 41. cxd4+ cxd4 42. h4 d3 43. g5 hxg5 44. hxg5 Kf5 0-1

[Event "London Classic U1825 op 10th"]
[Site "London"]
[Date "2018.12.16"]
[Round "4"]
[White "Pradhan, Abhishek"]
[Black "O'Gorman, Brendan"]
[Result "0-1"]
[WhiteElo "1637"]
[BlackElo "1736"]
[PlyCount "64"]
[EventDate "2018.12.14"]
[EventType "swiss"]
[EventRounds "5"]
[EventCountry "ENG"]
[SourceTitle "CBM 187 Extra"]
[Source "ChessBase"]
[SourceDate "2018.11.04"]
[SourceVersion "1"]
[SourceVersionDate "2018.11.04"]
[SourceQuality "1"]

1. d4 Nf6 2. c4 e6 3. Nf3 d5 4. Nc3 dxc4 5. e4 b5 6. e5 Nd5 7. Nxb5 Nb6 8. Be3 Bb4+ 9. Nc3 0-0 10. Nd2 Bb7 11. Qg4 f5 12. Qg3 f4 13. Bxf4 Qxd4 14. Be3 Qd7 15. 0-0-0 Bxc3 16. bxc3 Qa4 17. Nb1 Be4 18. Rd2 N8d7 19. Be2 Rab8 20. Bd1 Nd5 21. Rc2 Bxc2 22. Bxc2 Qxa2 23. Kd2 Rb2 24. Rc1 Nxe3 25. Qxe3 Rxc2+ 26. Rxc2 Qxb1 27. f3 Qb6 28. Qg5 Nc5 29. Ke2 Nd3 30. Qg3 Nf4+ 31. Kd1 Rd8+ 32. Rd2 Qb1# 0-1

[Event "London Classic U1825 op 10th"]
[Site "London"]
[Date "2018.12.14"]
[Round "1"]
[White "O'Gorman, Brendan"]
[Black "Verma, Shlok"]
[Result "1-0"]
[WhiteElo "1736"]
[BlackElo "1594"]
[PlyCount "71"]
[EventDate "2018.12.14"]
[EventType "swiss"]
[EventRounds "5"]
[EventCountry "ENG"]
[SourceTitle "CBM 187 Extra"]
[Source "ChessBase"]
[SourceDate "2018.11.04"]
[SourceVersion "1"]
[SourceVersionDate "2018.11.04"]
[SourceQuality "1"]

1. c4 e5 2. Nc3 Nf6 3. Nf3 e4 4. Ng5 Qe7 5. Qc2 Nc6 6. Ngxe4 Nb4 7. Nxf6+ Qxf6 8. Qd1 d6 9. a3 Nc6 10. Nd5 Qd8 11. d4 Ne7 12. Nc3 c6 13. e4 g6 14. Be2 Bg7 15. Be3 0-0 16. 0-0 f5 17. f3 Re8 18. Qd2 Kh8 19. Rae1 d5 20. e5 Be6 21. c5 Qd7 22. b4 Rf8 23. b5 Rab8 24. Rb1 Rfc8 25. Rb2 Qc7 26. Rfb1 Ng8 27. bxc6 bxc6 28. Ba6 Re8 29. Ne2 Rxb2 30. Qxb2 Re7 31. Bg5 Rf7 32. Nf4 Qd7 33. Qb8 Rf8 34. Qd6 Qxd6 35. cxd6 Bc8 36. Bxc8 1-0

[Event "London Chess Classic op 10th"]
[Site "London"]
[Date "2018.12.10"]
[Round "2"]
[White "Watkins, Bridgette"]
[Black "O'Gorman, Brendan"]
[Result "0-1"]
[WhiteElo "1356"]
[BlackElo "1736"]
[PlyCount "90"]
[EventDate "2018.12.09"]
[EventType "swiss"]
[EventRounds "5"]
[EventCountry "ENG"]
[SourceTitle "EXT 2021"]
[Source "ChessBase"]
[SourceDate "2020.10.23"]
[SourceVersion "1"]
[SourceVersionDate "2020.10.23"]
[SourceQuality "1"]

1. e4 c5 2. Nf3 a6 3. Nc3 b5 4. a3 Bb7 5. d3 e6 6. Bf4 Nf6 7. Rb1 Be7 8. b4 cxb4 9. axb4 0-0 10. Ne2 d5 11. e5 Nfd7 12. d4 Nc6 13. c3 Nb6 14. Ng3 Nc4 15. Qc1 f6 16. Bxc4 dxc4 17. 0-0 fxe5 18. dxe5 Qc7 19. Re1 Rad8 20. Bg5 Rd3 21. Bxe7 Qxe7 22. Re3 Rfd8 23. Qc2 Rxe3 24. fxe3 Rd3 25. e4 Qc7 26. Rd1 Qb6+ 27. Kh1 Qe3 28. Rxd3 cxd3 29. Qd1 h6 30. Qe1 Qf4 31. Qd1 Nxe5 32. Kg1 Qe3+ 33. Kf1 Ng4 34. Qe1 Qf4 35. Kg1 Ne5 36. Qd1 Qe3+ 37. Kf1 Nc4 38. h3 Bxe4 39. Nxe4 Qxe4 40. Kf2 Qe3+ 41. Kf1 e5 42. Ne1 Qf4+ 43. Kg1 e4 44. Qb1 Qe3+ 45. Kh2 Qe2 0-1

[Event "Nottingham 4NCL Major op"]
[Site "Nottingham"]
[Date "2018.09.29"]
[Round "3"]
[White "Bennett, Dominic"]
[Black "O'Gorman, Brendan"]
[Result "1-0"]
[WhiteElo "1933"]
[BlackElo "1706"]
[PlyCount "161"]
[EventDate "2018.09.28"]
[EventType "swiss"]
[EventRounds "5"]
[EventCountry "ENG"]
[SourceTitle "CBM 187 Extra"]
[Source "ChessBase"]
[SourceDate "2018.11.04"]
[SourceVersion "1"]
[SourceVersionDate "2018.11.04"]
[SourceQuality "1"]

1. Nf3 Nf6 2. e3 b6 3. a4 Bb7 4. Be2 e6 5. 0-0 Be7 6. b3 0-0 7. Ba3 d5 8. Bxe7 Qxe7 9. a5 Na6 10. Qc1 c5 11. Qa3 Nb4 12. Qb2 Ba6 13. Bxa6 Nxa6 14. Nc3 Nc7 15. axb6 axb6 16. Rxa8 Rxa8 17. Ra1 Qe8 18. d4 Nd7 19. Ra2 Qc8 20. Kf1 Kf8 21. Qa1 Rxa2 22. Qxa2 Qa6+ 23. Qxa6 Nxa6 24. Ke2 Ke7 25. Nb5 h6 26. c3 Nab8 27. Nd2 Nc6 28. f3 e5 29. c4 dxc4 30. d5 Nb4 31. bxc4 f5 32. g3 Nf6 33. Nc3 Kd7 34. Ndb1 Ne8 35. Na3 Nd6 36. Ncb5 g6 37. Nxd6 Kxd6 38. e4 Kd7 39. Kd2 Kc7 40. Nc2 Na6 41. Ke3 Kd7 42. h4 h5 43. Ne1 Nc7 44. Nd3 Kd6 45. Nf2 b5 46. cxb5 Nxb5 47. Nd1 Nd4 48. Nb2 Nc2+ 49. Kd3 Nd4 50. Nc4+ Ke7 51. Nxe5 Kf6 52. Nd7+ Ke7 53. Nxc5 Nxf3 54. Ke3 fxe4 55. Nxe4 Ne5 56. Kd4 Nd7 57. Kc4 Ne5+ 58. Kc5 Nd7+ 59. Kc6 Ne5+ 60. Kc7 Nc4 61. d6+ Nxd6 62. Nxd6 Ke6 63. Kc6 Ke5 64. Kc5 Ke6 65. Ne4 Kf5 66. Kd4 Kg4 67. Ke3 Kf5 68. Kf3 Ke5 69. Nf2 Kf5 70. Nh3 Ke5 71. g4 hxg4+ 72. Kxg4 Kf6 73. Nf4 Kg7 74. Kg5 Kh7 75. Nxg6 Kg7 76. Ne7 Kh7 77. Nf5 Kh8 78. Kh6 Kg8 79. h5 Kh8 80. Kg6 Kg8 81. Nd6 1-0